000 01041cam a22002533a 4500
001 7600
003 PGUSA
005 20140828083146.0
008 050201s2005||||xxu|||||s|||||000 | eng d
040 _aPGUSA
_beng
042 _adc
050 4 _aE300
100 1 _aWebster, Daniel,
_d1782-1852
245 1 0 _aSelect Speeches of Daniel Webster, 1817-1845
_h[electronic resource] /
_cDaniel Webster
260 _bProject Gutenberg,
_c2005
505 0 _aDefence of the Kennistons -- The Dartmouth College case -- First settlement of New England -- The Bunker Hill monument -- The reply to Hayne -- The murder of Captain Joseph White -- The Constitution not a compact between sovereign states -- Speech at Saratoga -- Eulogy on Mr. Justice Story -- Biographical.
506 _aPublic domain in the USA.
516 _aElectronic text
653 _aSpeeches, addresses, etc., American
700 1 _aGeorge, Andrew Jackson,
_d1855-1907
830 0 _aProject Gutenberg
_v7600
856 4 0 _uhttp://www.gutenberg.org/ebooks/7600
942 _cEB
999 _c236900
_d236900